[Event "GER-ch Net Amateur Gr-C Vor3"]
[Site "Playchess.com INT"]
[Date "2020.04.16"]
[Round "8"]
[White "Brauckmann, Martin"]
[Black "Stoekler, Klaus Joachim"]
[Result "1-0"]
[WhiteElo "1620"]
[BlackElo "1348"]
[PlyCount "81"]
[EventDate "2020.04.16"]
[EventType "swiss (blitz)"]
[EventRounds "9"]
[EventCountry "GER"]
[SourceTitle "CBM 195 Extra"]
[Source "ChessBase"]
[SourceDate "2020.05.31"]
[SourceVersion "1"]
[SourceVersionDate "2020.05.31"]
[SourceQuality "1"]

1. e4 d5 2. exd5 Nf6 3. Nc3 Nxd5 4. Bc4 c6 5. d3 b5 6. Nxd5 bxc4 7. dxc4 cxd5 8. cxd5 Ba6 9. Nf3 Nd7 10. Bf4 Qa5+ 11. c3 Nf6 12. d6 exd6 13. Bxd6 Bxd6 14. Qxd6 Qd5 15. Qxa6 Qe4+ 16. Qe2 Qxe2+ 17. Kxe2 0-0 18. Rhe1 Rfe8+ 19. Kf1 Rxe1+ 20. Rxe1 Rd8 21. Ne5 g6 22. Nc6 Rd2 23. Nxa7 Rxb2 24. a4 Ra2 25. Nb5 Rxa4 26. f3 Nd5 27. Rd1 Nf4 28. Rd4 Rxd4 29. cxd4 Kg7 30. Kf2 Nd3+ 31. Ke3 Nb4 32. Ke4 f5+ 33. Ke5 Kf7 34. d5 Nd3+ 35. Kd4 Nf4 36. d6 Ke8 37. Ke5 Nxg2 38. Ke6 Ne3 39. d7+ Kd8 40. Nd6 Nc4 41. Nb7+ 1-0

[Event "GER-ch Net Amateur Gr-C Vor3"]
[Site "Playchess.com INT"]
[Date "2020.04.16"]
[Round "7"]
[White "Stoekler, Klaus Joachim"]
[Black "Wagner, Andreas"]
[Result "1/2-1/2"]
[WhiteElo "1350"]
[BlackElo "1620"]
[PlyCount "44"]
[EventDate "2020.04.16"]
[EventType "swiss (blitz)"]
[EventRounds "9"]
[EventCountry "GER"]
[SourceTitle "CBM 195 Extra"]
[Source "ChessBase"]
[SourceDate "2020.05.31"]
[SourceVersion "1"]
[SourceVersionDate "2020.05.31"]
[SourceQuality "1"]

1. d4 b6 2. Nf3 Bb7 3. Nbd2 e6 4. b3 Bb4 5. Bb2 d6 6. a3 Bxd2+ 7. Qxd2 Ne7 8. 0-0-0 0-0 9. h4 h6 10. h5 Nbc6 11. g4 Nd5 12. Rg1 Re8 13. g5 e5 14. gxh6 Kh7 15. Qd3+ e4 16. Ne5 exd3 17. Nxf7 Qf6 18. e3 Qxf7 19. Bxd3+ Kh8 20. hxg7+ Qxg7 21. Rxg7 Kxg7 22. Rg1+ Kh6 1/2-1/2